000 00341nam a22001457a 4500
008 230601b ||||| |||| 00| 0 eng d
020 _a9780827340428
041 _aeng
080 _2THIRD EDITION
_a51
082 _a51SMI
100 _a23
101 _aMATE
245 _aMATHEMATICS FOR MACHINE TECHNOLOGY
_cSMITH.D.R
942 _2udc
_cBK
999 _c59896
_d59896